Hideo Kojima's Metal Gear - All Characters - Statistics

General Stats
  • This quiz has been taken 554 times
  • The average score is 66 of 128
Answer Stats
Game Role Character % Correct
Metal Gear Solid 4: Guns of the Patriots US Army Liquid Ocelot
96%
Metal Gear Solid 3: Solid Snake CIA Double Agent Major Ocelot
96%
Metal Gear Solid 5: The Phantom Pain Diamond Dogs Ocelot
96%
Metal Gear Solid Next-Generation Special Forces Unit FOXHOUND Revolver Ocelot
96%
Metal Gear Solid 2: Sons of Liberty Sons of Liberty Revolver Ocelot
96%
Metal Gear Solid: Peace Walker Militaires Sans Frontières Big Boss
94%
Metal Gear Solid 5: Ground Zeros Militaires Sans Frontières Big Boss
94%
Metal Gear Solid 5: The Phantom Pain Diamond Dogs Big Boss
94%
Metal Gear 2 Zanzibarland Big Boss
94%
Metal Gear Solid 4: Guns of the Patriots None Big Boss
94%
Metal Gear Solid 5: The Phantom Pain Independent Eli
93%
Metal Gear Solid 4: Guns of the Patriots US Army Old Snake
91%
Metal Gear Solid FOXHOUND Solid Snake
91%
Metal Gear Solid 2: Sons of Liberty Philanthropy Solid Snake
91%
Metal Gear FOXHOUND Solid Snake
90%
Metal Gear 2 FOXHOUND Solid Snake
90%
Metal Gear Solid 3: Solid Snake CIA Double Agent The Boss
87%
Metal Gear Solid: Peace Walker Militaires Sans Frontières Kazuhira Miller
84%
Metal Gear Solid 5: Ground Zeros Militaires Sans Frontières Kazuhira Miller
84%
Metal Gear Solid 5: The Phantom Pain Diamond Dogs Kazuhira Miller
84%
Metal Gear 2 FOXHOUND McDonnell Miller
84%
Metal Gear Solid 3: Solid Snake FOX Naked Snake
84%
Metal Gear Solid 2: Sons of Liberty FOXHOUND Raiden
83%
Metal Gear Solid 4: Guns of the Patriots US Army Raiden
83%
Metal Gear Solid 4: Guns of the Patriots Local Resistance Big Mama
78%
Metal Gear Solid: Portable Ops People's Liberation Army EVA
78%
Metal Gear Solid 5: The Phantom Pain XOF Man on Fire
78%
Metal Gear Solid FOXHOUND Otacon
78%
Metal Gear Solid 2: Sons of Liberty Philanthropy Otacon
78%
Metal Gear Solid 4: Guns of the Patriots US Army Otacon
78%
Metal Gear Solid 3: Solid Snake Cobra Unit The End
78%
Metal Gear Solid 3: Solid Snake People's Liberation Army EVA
77%
Metal Gear Solid 2: Sons of Liberty Sons of Liberty Solidus Snake
77%
Metal Gear Solid 3: Solid Snake Cobra Unit The Pain
77%
Metal Gear Solid 3: Solid Snake FOX Major Zero
76%
Metal Gear Solid: Portable Ops FOX (disavowed) Major Zero
76%
Metal Gear Solid 3: Solid Snake Cobra Unit The Fear
76%
Metal Gear Solid 3: Solid Snake Cobra Unit The Sorrow
76%
Metal Gear Solid 3: Solid Snake GRU Volgin
76%
Metal Gear Solid Next-Generation Special Forces Unit FOXHOUND Psycho Mantis
73%
Metal Gear Solid 5: The Phantom Pain XOF Tretij Rebenok
73%
Metal Gear Solid: Portable Ops FOX (disavowed) Big Boss
72%
Metal Gear Solid 5: Ground Zeros XOF Skull Face
72%
Metal Gear Solid 5: The Phantom Pain XOF Skull Face
72%
Metal Gear Solid: Peace Walker Cipher Paz
71%
Metal Gear Solid 5: Ground Zeros Militaires Sans Frontières Paz
71%
Metal Gear Solid 3: Solid Snake Cobra Unit The Fury
71%
Metal Gear Solid Next-Generation Special Forces Unit FOXHOUND Sniper Wolf
70%
Metal Gear Solid 5: The Phantom Pain XOF/Diamond Dogs Quiet
68%
Metal Gear Solid 3: Solid Snake FOX Para-Medic
67%
Metal Gear Solid: Portable Ops FOX (disavowed) Para-Medic
67%
Metal Gear Solid DARPA Donald Anderson
66%
Metal Gear Solid 5: The Phantom Pain Diamond Dogs Punished Venom Snake/The Phantom
66%
Metal Gear Solid 3: Solid Snake FOX Sigint
66%
Metal Gear Outer Heaven Big Boss (Alias)
65%
Metal Gear FOXHOUND Grey Fox
65%
Metal Gear 2 Zanzibarland Grey Fox
65%
Metal Gear Solid 2: Sons of Liberty Sons of Liberty Vamp
62%
Metal Gear Solid 4: Guns of the Patriots None Vamp
62%
Metal Gear Solid: Portable Ops FOX (disavowed) Sigint
61%
Metal Gear Solid: Peace Walker Militaires Sans Frontières Huey Emmerich
60%
Metal Gear Solid 5: The Phantom Pain Diamond Dogs Huey Emmerich
60%
Metal Gear Solid 3: Solid Snake Soviet Scientist Sokolov
58%
Metal Gear Solid: Peace Walker Sandanista Chico
54%
Metal Gear Solid 5: Ground Zeros Militaires Sans Frontières Chico
54%
Metal Gear Solid 2: Sons of Liberty Sons of Liberty Liquid Snake
54%
Metal Gear Solid FOXHOUND Mei Ling
54%
Metal Gear Solid 4: Guns of the Patriots US Navy Mei Ling
54%
Metal Gear Solid Next-Generation Special Forces Unit FOXHOUND Vulcan Raven
54%
Metal Gear Solid Next-Generation Special Forces Unit FOXHOUND Decoy Octopus
53%
Metal Gear Solid Next-Generation Special Forces Unit FOXHOUND Liquid Snake
52%
Metal Gear Solid 2: Sons of Liberty Sons of Liberty Fatman
51%
Metal Gear Solid 2: Sons of Liberty Sons of Liberty Fortune
46%
Metal Gear Solid: Portable Ops Green Beret Roy Campbell
45%
Metal Gear 2 FOXHOUND Roy Campbell
45%
Metal Gear Solid FOXHOUND Roy Campbell
45%
Metal Gear Solid 4: Guns of the Patriots US Army Roy Campbell
45%
Metal Gear Solid FOXHOUND Naomi Hunter
44%
Metal Gear Solid 4: Guns of the Patriots None Naomi Hunter
44%
Metal Gear Solid: Peace Walker Peace Walker Project Dr. Strangelove
41%
Metal Gear Solid 3: Solid Snake GRU Major Raikov
41%
Metal Gear Solid FOXHOUND Meryl Silverburgh
41%
Metal Gear Solid 4: Guns of the Patriots Rat Patrol Meryl Silverburgh
41%
Metal Gear Solid 4: Guns of the Patriots Drebin Drebin 893
39%
Metal Gear Solid 2: Sons of Liberty Gurlukovich Faction Olga Gurlukovich
38%
Metal Gear Solid 3: Solid Snake Soviet Scientist Granin
37%
Metal Gear Solid 4: Guns of the Patriots Beauty and the Beast Corps Laughing Octopus
37%
Metal Gear Solid 2: Sons of Liberty Patriots Colonel
36%
Metal Gear Solid 4: Guns of the Patriots Beauty and the Beast Corps Crying Wolf
36%
Metal Gear Solid 4: Guns of the Patriots Beauty and the Beast Corps Screaming Mantis
34%
Metal Gear Solid 5: The Phantom Pain Diamond Dogs Code Talker
33%
Metal Gear Solid ARMSTECH Kenneth Baker
29%
Metal Gear Solid 4: Guns of the Patriots Beauty and the Beast Corps Raging Raven
29%
Metal Gear Solid: Peace Walker Peace Walker Project Hot Coldman
27%
Metal Gear Solid 2: Sons of Liberty FOXHOUND Rosemary
26%
Metal Gear Solid 4: Guns of the Patriots None Rosemary
26%
Metal Gear Solid 2: Sons of Liberty Gurlukovich Faction Sergei Gurlukovich
26%
Metal Gear Solid 4: Guns of the Patriots US Army Sunny
26%
Metal Gear Solid 2: Sons of Liberty New York Police Department Peter Stillman
22%
Metal Gear Solid: Portable Ops FOX Gene
21%
Metal Gear Solid 2: Sons of Liberty United States Marine Corp CMC Scott Dolph
16%
Metal Gear Solid FOXHOUND Natasha Romanenko
15%
Metal Gear Solid: Peace Walker Cipher Professor Galvez/Zadornov
14%
Metal Gear Solid 2: Sons of Liberty POTUS Richard Ames
14%
Metal Gear Solid 2: Sons of Liberty POTUS James Johnson
12%
Metal Gear Solid: Portable Ops FOX Lt. Cunningham
10%
Metal Gear Outer Heaven Machinegun Kid
10%
Metal Gear Solid: Portable Ops Boss Enemy Ursula/Elisa
10%
Metal Gear Solid: Peace Walker Sandanista Amanda Valenciano Libre
8%
Metal Gear 2 FOXHOUND Holly White
7%
Metal Gear 2 Zanzibarland Black Ninja
6%
Metal Gear Solid: Portable Ops Soviet Officer Major Raikov
6%
Metal Gear 2 Zanzibarland Running Man
6%
Metal Gear Solid: Peace Walker Militaires Sans Frontières Cécile Caminades
5%
Metal Gear Outer Heaven Coward Duck
5%
Metal Gear 2 Zanzibarland Dr Kio Marv
5%
Metal Gear Outer Heaven Fire Trooper
5%
Metal Gear Outer Heaven Shoot Gunner
5%
Metal Gear Local Resistance Diane
4%
Metal Gear Outer Heaven Dr Pettrovich
4%
Metal Gear 2 FOXHOUND Dr Pettrovich
4%
Metal Gear 2 Zanzibarland Ultra Box
3%
Metal Gear 2 Zanzibarland Night Sight
2%
Metal Gear 2 Zanzibarland Predator
2%
Metal Gear 2 Zanzibarland Red Blaster
2%
Metal Gear 2 FOXHOUND George Kesler
1%
Metal Gear 2 FOXHOUND Natasha Marcova
1%
Metal Gear 2 FOXHOUND Yozev Norden
1%
No matching quizzes found
Score Distribution
Percent of People with Each Score
Percentile by Number Answered
Your Score History
You have not taken this quiz